=LDR 00000nam 2200000 4500 =001 INLIS000000000011324 =005 20130612102910 =008 ***********************************Ind** =035 ##$$0010-061300000011324 =041 ##$$a Ind =082 ##$$a 959.5 =090 ##$$a 959.5, Abat p =100 ##$$a Abdullah,Abdul Rahman =245 ##$$a Penjajahan malaysia Cabaran dan warisannya, Dr.Abdul Rahman Haji Abdullah =260 ##$$a 1997 $b Yogyakarta =300 ##$$a XXVI, 160 hlm., 21 cm =650 ##$$a Sejarah malaysia =850 ##$$a NBPNMAT